[Event "SLO-chT1 West"]
[Site "Ljubljana"]
[Date "2014.10.10"]
[Round "4"]
[White "Hiti, Domen"]
[Black "Suc, Timothy"]
[Result "1-0"]
[WhiteElo "2161"]
[BlackElo "2117"]
[PlyCount "47"]
[EventDate "2014.10.03"]
[EventType "team-tourn"]
[EventRounds "9"]
[EventCountry "SLO"]
[SourceTitle "EXT 2019"]
[Source "ChessBase"]
[SourceDate "2018.10.10"]
[SourceVersion "1"]
[SourceVersionDate "2018.10.10"]
[SourceQuality "1"]
[WhiteTeam "Ig"]
[BlackTeam "Piran"]
[WhiteTeamCountry "SLO"]
[BlackTeamCountry "SLO"]

1. d4 Nf6 2. c4 g6 3. Nc3 Bg7 4. e4 d6 5. Nf3 0-0 6. Be2 e5 7. d5 a5 8. Bg5 h6 9. Bh4 Na6 10. 0-0 Qe8 11. Nd2 Nh7 12. f3 h5 13. Bf2 Bh6 14. b3 Qe7 15. Re1 h4 16. Nf1 f5 17. h3 Bg5 18. a3 Bd7 19. b4 axb4 20. axb4 Nf6 21. c5 Nh5 22. c6 Nxb4 23. Rxa8 Rxa8 24. cxd7 1-0